Logo BPK

Bibliografia Prac Pracowników

Politechniki Koszalińskiej

Czas trwania opadów deszczowych w ujęciu probabilistycznycm na przykładzie Szczecinka / (Rekord nr 6641)

Szczegóły MARC
000 -ETYKIETA REKORDU
podpole kontrolne o stałej długości 01067naa a2200229 i 4500
001 - NUMER KONTROLNY REKORDU
podpole kontrolne BPP
003 - IDENTYFIKATOR NUMERU KONTROLNEGO REKORDU
podpole kontrolne BPK
005 - DATA OSTATNIEJ MODYFIKACJI REKORDU
podpole kontrolne 20180219102718.0
008 - POLE O STAŁEJ DŁUGOŚCI - DANE KONTROLNE
podpole kontrolne o stałej długości 150105s1986 pl f |100 0 pol
040 ## - ŹRÓDŁO KATALOGOWANIA
Instytucja, która utworzyła rekord BPK
080 ## - UNIWERSALNA KLASYFIKACJA DZIESIĘTNA - UKD
UKD 628.2
100 ## - NAZWA OSOBOWA
Nazwa osobowa GRUSZECKI, Tadeusz.
Lata pracy 1980 - 1996.
Instytucja Wyższa Szkoła Inżynierska w Koszalinie - Wydział Inżynierii Lądowej i Sanitarnej,
Wydział Zakład Wodociągów i Kanalizacji
245 ## - TYTUŁ/ODPOWIEDZIALNOŚĆ
Tytuł Czas trwania opadów deszczowych w ujęciu probabilistycznycm na przykładzie Szczecinka /
Pozostałe elementy strefy tytułu i oznaczenia odpowiedzialności Tadeusz Gruszecki.
260 ## - STREFA ADRESU WYDAWNICZEGO
Data publikacji, dystrybucji/powstania dokumentu 1986.
500 ## - UWAGI OGÓLNE
Tekst uwagi Dane z kartoteki bpp.
650 #0 - HASŁO PRZEDMIOTOWE W FORMIE NAZWY OGÓLNEJ LUB JEDNOSTKOWEJ
Nazwa ogólna lub geograficzna Opady.
650 #0 - HASŁO PRZEDMIOTOWE W FORMIE NAZWY OGÓLNEJ LUB JEDNOSTKOWEJ
Nazwa ogólna lub geograficzna Kanalizacja deszczowa.
655 #0 - TERMIN INDEKSOWY - OKREŚLENIE RODZAJU/FORMY DOKUMENTU
Określnie rodzaju/formy dokumentu Materiały konferencyjne.
773 ## - TYTUŁ DOKUMENTU MACIERZYSTEGO
Wyrażenie wprowadzające W :
Tytuł Odprowadzanie i oczyszczanie spływów deszczowych z aglomeracji miejsko-przemysłowych : Konferencja Naukowo-Techniczna
Adres wydawniczy Łódź : NOT, 1986. -
Informacje dotyczące relacji s. 10-20
711 ## - HASŁO DODATKOWE - NAZWA IMPREZY
Nazwa imprezy Konferencja Naukowo-Techniczna "Odprowadzanie i oczyszczanie spływów deszczowych z aglomeracji miejsko-przemysłowych"
Data imprezy (1986 ;
Miejsce imprezy Łódź, Polska).
942 ## - HASŁO DODATKOWE - ELEMENTY(KOHA)
Typ dokumentu Artykuł
Schemat klasyfikacji Uniwersalna klasyfikacja dziesiętna

Brak dostępnych egzemplarzy.

© 2014 Biblioteka Politechniki Koszalińskiej :: BIBLIOGRAFIA PRAC PRACOWNIKÓW